[Event "World Youth Girl U16 2016"]
[Site "Khanty-Mansiysk RUS"]
[Date "2016.09.28"]
[Round "6.6"]
[White "Broly, Mathilde"]
[Black "Alinasab, Mobina"]
[Result "0-1"]
[BlackTitle "WFM"]
[WhiteElo "2046"]
[BlackElo "2230"]
[WhiteFideId "20682794"]
[BlackFideId "12528897"]
[EventDate "2016.09.22"]

1. Nf3 Nf6 2. g3 b6 3. Bg2 Bb7 4. O-O e6 5. b3 Be7 6. Bb2 c5 7. c4 d6 8. Nc3 a6
9. e3 O-O 10. Qe2 Nbd7 11. Ne1 Bxg2 12. Nxg2 d5 13. d3 Nb8 14. Rad1 Nc6 15. g4
d4 16. Nb1 b5 17. Nd2 bxc4 18. Nxc4 Nd5 19. Nf4 Bg5 20. Qf3 Qf6 21. Bc1 Bxf4 22.
exf4 Ncb4 23. a3 Na2 24. Bd2 Nac3 25. Rc1 Nxf4 26. Bxf4 Qxf4 27. Kg2 Qxf3+ 28.
Kxf3 0-1

[Event "World Youth Girl U16 2016"]
[Site "Khanty-Mansiysk RUS"]
[Date "2016.09.28"]
[Round "6.7"]
[White "Hrescak, Ivana"]
[Black "Tishova, Svetlana"]
[Result "1-0"]
[WhiteTitle "WFM"]
[WhiteElo "1957"]
[BlackElo "2317"]
[WhiteFideId "14613441"]
[BlackFideId "24173550"]
[EventDate "2016.09.22"]

1. d4 Nf6 2. c4 e6 3. Nc3 Bb4 4. Qc2 O-O 5. a3 Bxc3+ 6. Qxc3 Ne4 7. Qd3 f5 8. g3
b6 9. Bg2 Bb7 10. Nf3 d6 11. O-O Qc8 12. b4 c5 13. Bb2 Nc6 14. bxc5 dxc5 15. e3
Rd8 16. Rac1 Qc7 17. Qc2 Rac8 18. Rfd1 Na5 19. Ne5 Nd6 20. Bxb7 Qxb7 21. Qe2 Ne4
22. Nf3 Qa6 23. Ne5 Nb3 24. Rc2 Qb7 25. Rd3 Na5 26. Rc1 Nc6 27. Nf3 Qa6 28. Qd1
Na5 29. dxc5 Rxd3 30. Qxd3 Nxc5 31. Qc3 Qb7 32. Ne5 Na4 33. Qb4 Nxb2 34. Qxb2
Qc7 35. h4 Nc6 36. Nd3 Rd8 37. Nf4 Qd6 38. Qc3 Ne5 39. c5 bxc5 40. Qxc5 a6 41.
Qxd6 Rxd6 42. Rc7 Kf8 43. Nh5 Nd7 44. Nf4 Ke7 45. Ra7 e5 46. Ne2 Rc6 47. Kg2 g6
48. Ng1 Kd6 49. Nf3 Nf6 50. Ng5 h5 51. Rg7 Rc3 52. Rxg6 Ke7 53. Rg7+ Kd6 54. Rf7
Nd5 55. Rxf5 Rxe3 56. Nf7+ Ke6 57. Rxh5 Re2 58. Ng5+ Kf5 59. Nf3+ Ke6 60. Kf1
Re4 61. Rh6+ Kf5 62. Rxa6 Kg4 63. Kg2 Re2 64. Nh2+ Kf5 65. Kf3 1-0

[Event "World Youth Girl U16 2016"]
[Site "Khanty-Mansiysk RUS"]
[Date "2016.09.28"]
[Round "6.8"]
[White "Martynkova, Olena"]
[Black "Grigoryan, Arpine"]
[Result "1-0"]
[WhiteTitle "WFM"]
[WhiteElo "2287"]
[BlackElo "1942"]
[WhiteFideId "14134039"]
[BlackFideId "13307231"]
[EventDate "2016.09.22"]

1. e4 c6 2. d4 d5 3. exd5 cxd5 4. c4 Nf6 5. Nc3 Nc6 6. Bg5 e6 7. cxd5 exd5 8.
Bxf6 Qxf6 9. Nxd5 Qd6 10. Nc3 Nxd4 11. Nge2 Nc6 12. Qxd6 Bxd6 13. O-O-O Bc5 14.
Ne4 Be7 15. N2c3 O-O 16. Nd5 Bd8 17. Nd6 Rb8 18. Bc4 Be6 19. f4 Bg4 20. Rde1 Na5
21. Be2 Be6 22. Bf3 Bh4 23. Rd1 Rfd8 24. Nb5 Bf2 25. f5 Bd7 26. Nbc3 Nc4 27. f6
Be6 28. Rhf1 Be3+ 29. Nxe3 Nxe3 30. Rxd8+ Rxd8 31. Re1 Nc4 32. b3 Nb6 33. Bxb7
gxf6 34. Rd1 Rb8 35. Bf3 Nd7 36. Nd5 Kg7 37. Nf4 Rc8+ 38. Kb2 Ne5 39. Nxe6+ fxe6
40. Be2 f5 41. Rc1 Rxc1 42. Kxc1 Nc6 43. Kd2 e5 44. Kc3 Kf6 45. Kc4 Nd4 46. Bd1
Ke6 47. Kc5 a6 48. a4 Kd7 49. b4 Ne6+ 50. Kd5 e4 51. g3 e3 52. Ke5 Nc7 53. Be2
Kc6 54. Bc4 Ne8 55. Bxa6 1-0

[Event "World Youth Girl U16 2016"]
[Site "Khanty-Mansiysk RUS"]
[Date "2016.09.28"]
[Round "6.9"]
[White "Priyanka, K"]
[Black "Hamedi Nia, Vesal"]
[Result "1-0"]
[WhiteElo "2205"]
[BlackElo "1904"]
[WhiteFideId "5082986"]
[BlackFideId "12542253"]
[EventDate "2016.09.22"]

1. e4 c5 2. Nf3 e6 3. d4 cxd4 4. Nxd4 a6 5. Bd3 Qc7 6. O-O Nf6 7. Qe2 d6 8. c4
Be7 9. Nc3 Nbd7 10. f4 O-O 11. Kh1 Nc5 12. Bb1 e5 13. Nf3 exf4 14. Bxf4 Bg4 15.
b4 Ne6 16. Be3 Qd8 17. Bd3 Nd7 18. h3 Bxf3 19. Qxf3 Bf6 20. Rac1 Ne5 21. Qe2 Bg5
22. Nd5 Bxe3 23. Qxe3 Rc8 24. Be2 Qh4 25. Rf5 b5 26. c5 g6 27. Rff1 dxc5 28.
bxc5 Kg7 29. Kh2 Qg5 30. Qf2 Nc6 31. Kh1 Ncd4 32. Bg4 f5 33. exf5 gxf5 34. Bf3
f4 35. Rfe1 Rfd8 36. Qb2 Kg8 37. Rxe6 Nxe6 38. Nf6+ Kf7 39. Ne4 Qg7 40. Qb3 Qe5
41. c6 Kg7 42. Qa3 Nd4 43. Rc5 Nxf3 44. Qxf3 Qd4 45. Kh2 Qe3 46. Qg4+ Kh8 47.
Qf5 Qd4 48. Nf6 Rc7 49. Nd7 Qg7 50. Qxf4 Rg8 51. Qf3 Rxd7 52. cxd7 Qxd7 53. Rc6
a5 54. h4 Qd4 55. Rh6 Qe5+ 56. Kh3 Rc8 57. g3 Kg7 58. Ra6 Qc7 59. Qg4+ Kh8 60.
Qd4+ Kg8 61. Ra7 Qc3 62. Qd5+ Kh8 63. Qf5 Qc7 64. Rxc7 1-0

[Event "World Youth Girl U16 2016"]
[Site "Khanty-Mansiysk RUS"]
[Date "2016.09.28"]
[Round "6.10"]
[White "Di Benedetto, Desiree"]
[Black "Sevilla, Julia"]
[Result "1-0"]
[WhiteTitle "WFM"]
[WhiteElo "2183"]
[BlackElo "1546"]
[WhiteFideId "875813"]
[BlackFideId "2099730"]
[EventDate "2016.09.22"]

1. e4 c5 2. Nf3 d6 3. d4 cxd4 4. Qxd4 Nc6 5. Bb5 Bd7 6. Bxc6 Bxc6 7. Nc3 Nf6 8.
Bg5 e6 9. Qd3 Be7 10. Nd4 d5 11. Bxf6 Bxf6 12. exd5 Bxd5 13. Qb5+ Qd7 14. Nxd5
exd5 15. O-O-O O-O-O 16. Qc5+ Kb8 17. Nb5 b6 18. Qb4 Rhe8 19. Rhe1 Re6 20. Nd4
Re4 21. f3 Rh4 22. h3 Rc8 23. c3 Rc4 24. Qb5 Qxb5 25. Nxb5 Rc5 26. Re8+ Kb7 27.
Nd6+ Kc7 28. Nxf7 d4 29. Kc2 dxc3 30. b3 Ra5 31. a4 Rhh5 32. Nd6 Rhe5 33. Rxe5
Rxe5 34. Nb5+ Kb7 35. Nxc3 Rg5 36. g4 Rc5 37. Rd3 g5 38. Kd2 Be5 39. Ne2 Rc7 40.
Rd5 Re7 41. Kd3 a6 42. Nd4 Bf4 43. Nf5 Re1 44. Rd7+ Kc6 45. Rxh7 Rd1+ 46. Kc2
Rd2+ 47. Kc3 b5 48. axb5+ axb5 49. Nd4+ Kb6 50. Rh6+ Kb7 51. Nxb5 Rd5 52. Nd4
Rd7 53. h4 gxh4 54. Rxh4 Re7 55. Kc4 Re3 56. Rh3 1-0

[Event "World Youth Girl U16 2016"]
[Site "Khanty-Mansiysk RUS"]
[Date "2016.09.28"]
[Round "6.11"]
[White "Mammadova, Susan"]
[Black "Radeva, Viktoria"]
[Result "0-1"]
[BlackTitle "WFM"]
[WhiteElo "1836"]
[BlackElo "2143"]
[WhiteFideId "13413210"]
[BlackFideId "2915405"]
[EventDate "2016.09.22"]

1. e4 c5 2. Nf3 e6 3. d4 cxd4 4. Nxd4 a6 5. Nc3 Qc7 6. Bd3 Nf6 7. O-O d6 8. Kh1
Nbd7 9. f4 Be7 10. Be3 b5 11. a3 Bb7 12. Qf3 Rc8 13. Rae1 Nc5 14. Bg1 O-O 15.
Qh3 Nxd3 16. cxd3 Nd7 17. f5 e5 18. Nf3 Nc5 19. Nd2 Bg5 20. Be3 Bf6 21. Bf2 Qe7
22. Re3 Bg5 23. Rg3 Bf4 24. Rg4 f6 25. Be1 Qd7 26. Rh4 h6 27. Rg4 a5 28. Ne2 Bg5
29. Qf3 d5 30. h4 dxe4 31. Nxe4 Nxe4 32. dxe4 Bd2 33. Ng3 Rc1 34. Bxd2 Qxd2 35.
Nh5 Rf7 36. Rxc1 Qxc1+ 37. Kh2 Qc7 38. Qh3 Qc4 39. Qg3 Qc7 40. Rg6 Kf8 41. Qd3
Qd7 42. Qc2 Qc7 43. Qd3 Qd7 44. Qe2 Qc6 45. Qd2 Rd7 46. Qe3 Qxe4 47. Qg3 Rd3 48.
Qf2 Rd4 49. Rxg7 Qxh4+ 50. Qxh4 Rxh4+ 51. Kg3 Rxh5 52. Rxb7 Rg5+ 53. Kh3 Rxf5
54. Rxb5 a4 55. g3 Rf2 56. Rb4 Kf7 57. Rxa4 Rxb2 58. Kg4 Kg6 59. Kf3 Rb3+ 60.
Kf2 Kf5 61. Ra8 h5 62. a4 Ra3 63. a5 Ke4 64. a6 Ra2+ 65. Ke1 Kf3 66. a7 e4 67.
Rf8 Rxa7 68. Rxf6+ Kxg3 69. Rh6 h4 70. Rg6+ Kf3 71. Rf6+ Ke3 72. Kf1 h3 73. Kg1
Ra2 74. Rh6 Rg2+ 75. Kh1 Rg3 76. Kh2 Rf3 77. Re6 Kd3 78. Ra6 e3 79. Ra3+ Kd2 80.
Ra2+ Kc3 81. Ra3+ Kb2 82. Rd3 Kc2 83. Ra3 Kd2 84. Ra2+ Ke1 85. Ra1+ Kf2 86. Ra2+
Ke1 87. Ra1+ Ke2 88. Ra2+ Kd3 89. Ra3+ Ke4 90. Ra4+ Kf5 91. Ra5+ Kg4 92. Ra4+
Rf4 93. Ra2 Rf2+ 94. Rxf2 exf2 0-1

[Event "World Youth Girl U16 2016"]
[Site "Khanty-Mansiysk RUS"]
[Date "2016.09.28"]
[Round "6.12"]
[White "Prakapuk, Vera"]
[Black "Sliwicka, Alicja"]
[Result "0-1"]
[BlackTitle "WFM"]
[WhiteElo "1908"]
[BlackElo "2092"]
[WhiteFideId "13507052"]
[BlackFideId "1150677"]
[EventDate "2016.09.22"]

1. e4 e5 2. Nf3 Nc6 3. Bc4 Nf6 4. Ng5 d5 5. exd5 Na5 6. Bb5+ c6 7. dxc6 bxc6 8.
Bd3 h6 9. Ne4 Nd5 10. O-O Be7 11. Re1 O-O 12. Nbc3 f5 13. Ng3 f4 14. Nge4 f3 15.
g3 Bh3 16. a3 a6 17. b4 Nb7 18. Bb2 Bg2 19. Bc4 Qd7 20. d4 Rad8 21. Nb1 Qh3 22.
Nbd2 Rf5 23. g4 Rf4 24. Ng3 Bh4 25. Nde4 Nd6 26. Bd3 Nxe4 27. Nxe4 Rxg4 28. Ng3
Rf8 29. Re2 fxe2 30. Bxe2 Rgf4 31. dxe5 Bxg3 32. fxg3 Rf1+ 33. Bxf1 Rxf1+ 34.
Qxf1 Bxf1 35. Rxf1 Ne3 36. Rf2 Nd1 37. Re2 Nxb2 0-1

[Event "World Youth Girl U16 2016"]
[Site "Khanty-Mansiysk RUS"]
[Date "2016.09.28"]
[Round "6.13"]
[White "Saumy, Zainab"]
[Black "Kochukova, Anna"]
[Result "0-1"]
[BlackTitle "WFM"]
[WhiteElo "1688"]
[BlackElo "2073"]
[WhiteFideId "9911316"]
[BlackFideId "24173932"]
[EventDate "2016.09.22"]

1. e4 c5 2. c3 e6 3. d4 d5 4. exd5 exd5 5. Nf3 c4 6. b3 cxb3 7. axb3 Bd6 8. Bd3
Ne7 9. O-O Bf5 10. Ba3 O-O 11. Re1 Nbc6 12. Bxf5 Nxf5 13. Qd3 g6 14. Nbd2 Bxa3
15. Rxa3 Qd6 16. Raa1 Rfe8 17. Nf1 a6 18. Ne3 Nxe3 19. Rxe3 Re7 20. Rae1 Rae8
21. Rxe7 Rxe7 22. Rxe7 Qxe7 23. Qe3 Qa3 24. b4 Qa1+ 25. Qe1 Qxe1+ 26. Nxe1 Kf8
27. Kf1 Ke7 28. Ke2 Kd6 29. Kd3 b6 30. Nc2 Ne7 31. f3 Nf5 32. g3 f6 33. Na3 Kc6
34. Kd2 Nd6 35. h3 Nf5 36. g4 Nd6 37. Kd3 a5 38. h4 h5 39. Kc2 Nb5 40. Nb1 axb4
41. Kd3 bxc3 42. Nxc3 Nxc3 43. Kxc3 Kb5 44. Kd3 Ka4 45. gxh5 gxh5 46. Ke3 b5 47.
Kf4 b4 48. Kf5 b3 49. Kxf6 b2 50. f4 b1=Q 51. f5 0-1

[Event "World Youth Girl U16 2016"]
[Site "Khanty-Mansiysk RUS"]
[Date "2016.09.28"]
[Round "6.14"]
[White "Sakorenko, Adriana"]
[Black "Nguyen, Hong Ngoc"]
[Result "1/2-1/2"]
[WhiteElo "2007"]
[BlackElo "1807"]
[WhiteFideId "34130249"]
[BlackFideId "12403083"]
[EventDate "2016.09.22"]

1. e4 Nf6 2. e5 Nd5 3. d4 d6 4. c4 Nb6 5. exd6 cxd6 6. Nc3 g6 7. Be3 Bg7 8. Rc1
Nc6 9. b3 e6 10. Nf3 d5 11. c5 Nd7 12. Be2 O-O 13. O-O b6 14. cxb6 Nxb6 15. Qd2
Bb7 16. Bf4 a6 17. Bh6 Qd6 18. Bxg7 Kxg7 19. h3 Rac8 20. Nh2 e5 21. dxe5 Nxe5
22. f4 Ned7 23. f5 Nf6 24. Ng4 Nbd7 25. Bf3 Ne5 26. Nxf6 Nxf3+ 27. Rxf3 Qxf6 28.
fxg6 Qb6+ 29. Qf2 Qxf2+ 30. Rxf2 d4 31. Ne2 d3 32. Rxc8 Rxc8 33. Nf4 hxg6 34.
Nxd3 Be4 35. Ne5 Bd5 36. Ng4 a5 37. Rd2 Be6 38. Ne3 Ra8 39. Nd1 a4 40. b4 a3 41.
Nc3 Rc8 42. Rd3 Rc4 43. b5 Rb4 44. Rd2 Rc4 45. Ne2 Rb4 46. Nc3 Rc4 1/2-1/2

[Event "World Youth Girl U16 2016"]
[Site "Khanty-Mansiysk RUS"]
[Date "2016.09.28"]
[Round "6.15"]
[White "Gundogan, Sinem Cagla"]
[Black "Jie, Tianhui"]
[Result "0-1"]
[WhiteTitle "WCM"]
[WhiteElo "1933"]
[BlackElo "1914"]
[WhiteFideId "6325378"]
[BlackFideId "30908566"]
[EventDate "2016.09.22"]

1. d4 Nf6 2. Nf3 e6 3. e3 c5 4. Bd3 d5 5. b3 cxd4 6. exd4 Nc6 7. O-O Bd6 8. Bb2
b6 9. Nbd2 O-O 10. Ne5 Bb7 11. a3 Rc8 12. f4 Ne7 13. Ndf3 Ne4 14. Qc1 Ng6 15.
Nxg6 hxg6 16. Ne5 Bxe5 17. fxe5 f5 18. exf6 gxf6 19. Qe3 Rc7 20. Rf3 Rh7 21.
Raf1 Qc7 22. Rh3 f5 23. Rxh7 Qxh7 24. Rf3 Qg7 25. h4 Qf6 26. Qf4 Qg7 27. a4 Rc8
28. Re3 Kh7 29. Bxe4 fxe4 30. c3 Rf8 31. Qg4 Qf7 32. Rg3 Qf2+ 33. Kh2 Qf5 34.
Bc1 Qxg4 35. Rxg4 Rf1 36. Bg5 Rb1 37. Rf4 Kg7 38. Bf6+ Kg8 39. Rg4 Kf7 40. Rf4
e3 41. Bg5+ Kg7 42. Bf6+ Kg8 0-1

[Event "World Youth Girl U16 2016"]
[Site "Khanty-Mansiysk RUS"]
[Date "2016.09.28"]
[Round "6.16"]
[White "Ni Mhuireagain, Eibhia"]
[Black "Simakova, Elena"]
[Result "0-1"]
[WhiteElo "1433"]
[BlackElo "1860"]
[WhiteFideId "2505665"]
[BlackFideId "34142166"]
[EventDate "2016.09.22"]

1. e4 c5 2. c4 Nc6 3. Nc3 g6 4. d3 Bg7 5. Nge2 d6 6. g3 Nf6 7. Bg2 Rb8 8. O-O
O-O 9. h3 a6 10. a4 Bd7 11. f4 Ne8 12. f5 Nc7 13. a5 b5 14. axb6 Rxb6 15. g4 Nd4
16. Nxd4 Bxd4+ 17. Kh1 Qb8 18. Qf3 Bg7 19. g5 f6 20. Qg3 fxg5 21. Qxg5 Bf6 22.
Qg3 Qe8 23. Bh6 Bg7 24. Bxg7 Kxg7 25. fxg6 Qxg6 26. Qh4 e5 27. Rxf8 Kxf8 28.
Qd8+ Be8 29. Qxc7 Rxb2 30. Rf1+ Kg8 31. Rg1 Kh8 32. Qe7 Rf2 33. Bf3 Qf7 34. Qxf7
Bxf7 35. Bg4 Rd2 36. Rd1 Re2 37. Nd5 Ra2 38. Rf1 Kg7 39. Rb1 a5 40. Ne7 a4 41.
Nf5+ Kg6 42. Nxd6 a3 43. Nxf7 Kxf7 44. Rb7+ Kg6 45. Ra7 Kg5 46. Kg1 h5 47. Bc8
Kf4 48. Rb7 Rb2 49. Rf7+ Ke3 50. Rf1 a2 51. Re1+ Kxd3 52. Rd1+ Kc2 53. Rf1 Rb1 0-1

[Event "World Youth Girl U16 2016"]
[Site "Khanty-Mansiysk RUS"]
[Date "2016.09.28"]
[Round "6.17"]
[White "Cieslak, Wiktoria"]
[Black "Monroy G., Nataly A."]
[Result "0-1"]
[BlackTitle "WIM"]
[WhiteElo "1869"]
[BlackElo "2105"]
[WhiteFideId "1160036"]
[BlackFideId "3304019"]
[EventDate "2016.09.22"]

1. e4 c5 2. Nf3 Nc6 3. d4 cxd4 4. Nxd4 g6 5. c4 Nf6 6. Nc3 d6 7. f3 Bg7 8. Be3
O-O 9. Qd2 Nxd4 10. Bxd4 Bd7 11. Be2 a5 12. b3 Bc6 13. O-O Nd7 14. Be3 Nc5 15.
Rab1 Qb6 16. Rfc1 Rfc8 17. Bf1 Qb4 18. Rc2 h5 19. Qc1 Qb6 20. a3 Qd8 21. b4 axb4
22. axb4 Ne6 23. Nd5 Nd4 24. Rd2 Bxd5 25. exd5 Nf5 26. Bf4 b5 27. g4 hxg4 28.
fxg4 Nd4 29. Qd1 e5 30. dxe6 Nxe6 31. Bxd6 bxc4 32. Bc5 Qc7 33. Bg2 Ra3 34. Rd7
Qf4 35. Qf1 c3 36. Rc1 Qxf1+ 37. Kxf1 Nxc5 38. bxc5 Rxc5 39. Bd5 c2 40. Bxf7+
Kh7 41. Rd5 Rxd5 42. Bxd5 Ra1 43. Rxa1 Bxa1 0-1

[Event "World Youth Girl U16 2016"]
[Site "Khanty-Mansiysk RUS"]
[Date "2016.09.28"]
[Round "6.18"]
[White "Yang, Yijing"]
[Black "Blazeka, Mihaela"]
[Result "1-0"]
[WhiteTitle "WCM"]
[WhiteElo "1975"]
[BlackElo "1868"]
[WhiteFideId "8608601"]
[BlackFideId "14528576"]
[EventDate "2016.09.22"]

1. d4 d5 2. c4 e6 3. Nf3 Nf6 4. g3 Be7 5. Bg2 O-O 6. O-O dxc4 7. Qc2 a6 8. a4
Bd7 9. Qxc4 Bc6 10. Bg5 Nbd7 11. Nc3 Nb6 12. Qd3 Nbd5 13. Ne5 Nb4 14. Nxc6 bxc6
15. Qd2 Rb8 16. Rad1 Qd7 17. e4 Rfd8 18. Qe2 Qe8 19. Be3 Nd7 20. f4 Nb6 21. b3
f5 22. Bh3 Qg6 23. Kh1 Qh6 24. Qg2 g6 25. g4 Nc2 26. Bg1 Kh8 27. gxf5 exf5 28.
exf5 Rg8 29. d5 Bf6 30. Qf3 Qg7 31. Rc1 Bxc3 32. Rxc2 Nxd5 33. fxg6 Rxb3 34. Be6
Qxg6 35. f5 Qxg1+ 36. Rxg1 Rxg1+ 37. Kxg1 Bd4+ 38. Kg2 Ne3+ 39. Kh3 c5 40. Qa8+
Kg7 41. Qg8+ 1-0

[Event "World Youth Girl U16 2016"]
[Site "Khanty-Mansiysk RUS"]
[Date "2016.09.28"]
[Round "6.19"]
[White "Kopcova, Ludmila"]
[Black "Khristenko, Anna"]
[Result "1/2-1/2"]
[WhiteElo "1798"]
[BlackElo "1938"]
[WhiteFideId "363774"]
[BlackFideId "24173886"]
[EventDate "2016.09.22"]

1. e4 c5 2. Nf3 e6 3. g3 Nc6 4. Bg2 g6 5. O-O Bg7 6. Re1 d6 7. c3 Nge7 8. Na3
O-O 9. Nc2 Rb8 10. d4 cxd4 11. Ncxd4 a6 12. Be3 b5 13. a3 Bb7 14. Qc2 Rc8 15. a4
Nxd4 16. Bxd4 Bxd4 17. Nxd4 Nc6 18. Nxc6 Bxc6 19. axb5 Bxb5 20. Red1 Qb6 21. Rd2
Rfd8 22. Rad1 Bc4 23. Qc1 Bb3 24. Re1 a5 25. Rd3 Bc4 26. Rd2 Rb8 27. Bf1 Bxf1
28. Kxf1 Qb5+ 29. Kg1 Rbc8 30. Red1 Rb8 31. Qa1 d5 32. exd5 Rxd5 33. Rxd5 exd5
34. Rd2 Rd8 35. Qd1 a4 36. Qc2 Rb8 37. Qd1 Rd8 38. Qc2 1/2-1/2

[Event "World Youth Girl U16 2016"]
[Site "Khanty-Mansiysk RUS"]
[Date "2016.09.28"]
[Round "6.20"]
[White "Krapivina, Galina"]
[Black "Bauyrzhan, Arnash"]
[Result "0-1"]
[WhiteElo "1834"]
[BlackElo "1904"]
[WhiteFideId "24159182"]
[BlackFideId "13706322"]
[EventDate "2016.09.22"]

1. e4 c5 2. Nf3 e6 3. d4 cxd4 4. Nxd4 a6 5. Bd3 Nc6 6. Nb3 Nf6 7. O-O d5 8. Qe2
dxe4 9. Bxe4 Nxe4 10. Qxe4 Bd6 11. Nc3 O-O 12. Bf4 e5 13. Be3 Be6 14. Nc5 Bxc5
15. Bxc5 f5 16. Qe2 Re8 17. a4 Qa5 18. Bd6 Nd4 19. Qxe5 Qxe5 20. Bxe5 Nxc2 21.
Rac1 Bc4 22. f4 Bxf1 23. Rxc2 Bd3 24. Rd2 Rad8 25. Kf2 Bc4 26. Rc2 Bb3 27. Re2
Rd7 28. Ke1 Red8 29. h3 Bc4 30. Rc2 b5 31. axb5 axb5 32. g3 b4 33. Ne2 Bxe2 34.
Rxe2 Rd1+ 35. Kf2 R1d2 36. Ke1 Rxe2+ 37. Kxe2 Kf7 38. Ke3 Ke6 39. Kf2 g6 40. Ke2
Kd5 41. Kd3 Rc8 42. Bd4 Rc1 43. Be3 Rh1 44. h4 Rh2 45. Bd2 b3 46. Kc3 Re2 47.
Kd3 Rg2 48. Be1 Rxb2 49. Kc3 Re2 0-1

[Event "World Youth Girl U16 2016"]
[Site "Khanty-Mansiysk RUS"]
[Date "2016.09.28"]
[Round "6.21"]
[White "Kozybayeva, Alisa"]
[Black "Kostava, Elene"]
[Result "0-1"]
[WhiteElo "1888"]
[BlackElo "1756"]
[WhiteFideId "13708317"]
[BlackFideId "13603280"]
[EventDate "2016.09.22"]

1. d4 d5 2. c4 e6 3. Nc3 Be7 4. cxd5 exd5 5. Qc2 Nf6 6. Bg5 h6 7. Bf4 c6 8. e3
O-O 9. Bd3 Bd6 10. Bxd6 Qxd6 11. Nf3 Be6 12. O-O Nbd7 13. h3 Rfc8 14. Rfd1 b5
15. Rac1 a5 16. Qb1 a4 17. a3 Nb6 18. Na2 Nc4 19. Nb4 Nd7 20. Bxc4 dxc4 21. e4
Nb6 22. Rc3 Ra7 23. Qc1 Rb8 24. Nc2 Rc7 25. Qd2 f5 26. e5 Qe7 27. Qe2 Nd5 28.
Re3 Nxe3 29. fxe3 Bd5 30. Qf2 g5 31. Rf1 Rf8 32. Qe2 Be4 33. Nfe1 Qd8 34. Nb4
Rg7 35. Na6 g4 36. hxg4 fxg4 37. Rxf8+ Qxf8 38. Nc5 Qf5 39. Qf2 Qg6 40. Qf4 Bf5
41. e4 Bc8 42. Qg3 Qg5 43. Qc3 Qh4 44. g3 Qd8 45. Ng2 Qf8 46. Qb4 Qf3 47. Nh4
Qxg3+ 48. Ng2 Rf7 49. e6 Rf2 0-1

[Event "World Youth Girl U16 2016"]
[Site "Khanty-Mansiysk RUS"]
[Date "2016.09.28"]
[Round "6.22"]
[White "Petraki, Argiro"]
[Black "Busuioc, Alexandra"]
[Result "1-0"]
[WhiteElo "1632"]
[BlackElo "1876"]
[WhiteFideId "4252748"]
[BlackFideId "1635778"]
[EventDate "2016.09.22"]

1. e4 c5 2. Nf3 Nc6 3. d4 cxd4 4. Nxd4 Nf6 5. Nc3 d6 6. f4 e6 7. Be3 Be7 8. Qf3
a6 9. O-O-O Qc7 10. g4 Nxd4 11. Rxd4 b5 12. g5 Nd7 13. h4 Bb7 14. Kb1 Rc8 15.
Bh3 Nc5 16. Qf2 f5 17. Bg2 O-O 18. h5 e5 19. Nd5 Bxd5 20. Rxd5 Nxe4 21. Bxe4
fxe4 22. f5 Qc6 23. Rdd1 d5 24. h6 g6 25. f6 Bd6 26. c3 Rcd8 27. Rhe1 Kf7 28.
Rd2 b4 29. cxb4 Bxb4 30. Rc2 Qb7 31. Rec1 Rc8 32. Bc5 Bxc5 33. Rxc5 Rxc5 34.
Qxc5 Rb8 35. b3 Kg8 36. Qd6 Qb5 37. Qe6+ Kh8 38. Rc8+ Rxc8 39. Qxc8+ Qe8 40.
Qxe8# 1-0

[Event "World Youth Girl U16 2016"]
[Site "Khanty-Mansiysk RUS"]
[Date "2016.09.28"]
[Round "6.23"]
[White "Limanovska, Elizabete"]
[Black "Dong, Khanh Linh"]
[Result "1-0"]
[BlackTitle "WCM"]
[WhiteElo "1870"]
[BlackElo "1671"]
[WhiteFideId "11603542"]
[BlackFideId "12403040"]
[EventDate "2016.09.22"]

1. e4 e6 2. d4 d5 3. Nd2 c5 4. exd5 Qxd5 5. Ngf3 cxd4 6. Bc4 Qd6 7. O-O Nf6 8.
Nb3 Nc6 9. Nbxd4 Nxd4 10. Nxd4 a6 11. c3 Bd7 12. Qe2 Be7 13. Be3 O-O 14. Rad1
Qc7 15. f4 Bc5 16. Nc2 b5 17. Bd3 e5 18. Bxc5 Qxc5+ 19. Qe3 Qxe3+ 20. Nxe3 exf4
21. Rxf4 Be6 22. Bb1 Rfe8 23. Kf2 Re7 24. Rfd4 Rae8 25. Rd8 g6 26. Rxe8+ Nxe8
27. Nd5 Rd7 28. Be4 f5 29. Bf3 Kf7 30. b3 Nd6 31. Ke3 g5 32. g3 a5 33. Kd4 Nb7
34. c4 bxc4 35. bxc4 a4 36. Bh5+ Kf8 37. Ke5 Nc5 38. Rb1 Bxd5 39. cxd5 f4 40.
gxf4 gxf4 41. Rb5 Nd3+ 42. Ke6 Ra7 43. d6 a3 44. Rf5+ Kg7 45. d7 Ra6+ 46. Ke7
Nb4 47. Bf3 Ra7 48. Ke8 Na6 49. Rf7+ Kg8 50. d8=Q Rxf7 51. Bd5 1-0

[Event "World Youth Girl U16 2016"]
[Site "Khanty-Mansiysk RUS"]
[Date "2016.09.28"]
[Round "6.24"]
[White "Campos Toledo, Andrea Celeste"]
[Black "Zairbek kyzy, Begimay"]
[Result "0-1"]
[WhiteElo "1750"]
[BlackElo "1836"]
[WhiteFideId "3826171"]
[BlackFideId "13803603"]
[EventDate "2016.09.22"]

1. e4 c6 2. d4 d5 3. Nc3 dxe4 4. Nxe4 Nd7 5. Ng5 Ngf6 6. Bd3 h6 7. Ne6 Qa5+ 8.
Bd2 Qb6 9. Nxf8 Nxf8 10. Rb1 Qxd4 11. Nf3 Qd5 12. a4 Bg4 13. Be2 Rd8 14. Bc3 Qe4
15. Qc1 Nd5 16. Bd2 Ng6 17. Kf1 Ngf4 18. Be3 Nxe2 19. Kxe2 Nf4+ 20. Kf1 Nxg2 21.
Nd4 Nxe3+ 22. Qxe3 Qxh1# 0-1

[Event "World Youth Girl U16 2016"]
[Site "Khanty-Mansiysk RUS"]
[Date "2016.09.28"]
[Round "6.25"]
[White "Tumova, Anna"]
[Black "Shih, Ching-An"]
[Result "1/2-1/2"]
[BlackTitle "WCM"]
[WhiteElo "1711"]
[BlackElo "1460"]
[WhiteFideId "367397"]
[BlackFideId "16300653"]
[EventDate "2016.09.22"]

1. e4 e5 2. Nf3 Nc6 3. Bc4 Be7 4. O-O Nf6 5. Re1 O-O 6. c3 d6 7. d4 Bg4 8. h3
Bxf3 9. gxf3 Nh5 10. f4 Nxf4 11. Bxf4 exf4 12. Qg4 Bg5 13. Kh2 Na5 14. Bd3 c5
15. Nd2 Nc6 16. Nf3 Bf6 17. e5 dxe5 18. dxe5 Nxe5 19. Nxe5 Bxe5 20. Bxh7+ Kxh7
21. Rxe5 g6 22. Qxf4 b6 23. Rg1 Rc8 24. Rg4 f5 25. Rh4+ Kg7 26. Qh6+ Kf6 27. Qe3
Qd6 28. f4 Rcd8 29. Qe2 Rf7 30. Qg2 Kg7 31. Re2 Re7 32. Rf2 Red7 33. Qg5 Rh8 34.
Rg2 Rxh4 35. Qxh4 Qf6 36. Qf2 Qd6 37. Qg3 Re7 38. h4 Re4 39. Rf2 Qe6 40. Qd3 Qe7
41. Qg3 1/2-1/2

[Event "World Youth Girl U16 2016"]
[Site "Khanty-Mansiysk RUS"]
[Date "2016.09.28"]
[Round "6.26"]
[White "Oberholzer, Marni"]
[Black "Afonasieva, Anna"]
[Result "0-1"]
[BlackTitle "WFM"]
[WhiteElo "1683"]
[BlackElo "2132"]
[WhiteFideId "14310414"]
[BlackFideId "24173606"]
[EventDate "2016.09.22"]

1. d4 d5 2. c4 e6 3. cxd5 exd5 4. Nc3 c6 5. Nf3 Nf6 6. Bf4 Bf5 7. e3 Qb6 8. Qb3
Nbd7 9. Be2 Be7 10. O-O O-O 11. Rfc1 h6 12. h3 a5 13. Qxb6 Nxb6 14. Nd2 a4 15.
a3 Nbd7 16. f3 Nb6 17. e4 Be6 18. Kh1 Nh5 19. Bh2 Bg5 20. Rd1 Be3 21. Nf1 Bf4
22. Bd3 Bxh2 23. Kxh2 Nf4 24. Bc2 Nc4 25. Rab1 b5 26. e5 Rfb8 27. g4 b4 28. axb4
Rxb4 29. Kg3 g5 30. Nxa4 Raxa4 31. b3 Ra3 32. bxc4 Rxc4 33. Rb8+ Kg7 34. Rd2
Rxd4 35. Rb6 c5 36. Rc6 c4 37. h4 c3 38. hxg5 hxg5 39. Kf2 cxd2 40. Ne3 Rda4 41.
Bxa4 Rxa4 42. Nd1 0-1